Nghiên cứu ứng dụng bã mía vào chế tạo vật liệu Biocomposite : Báo cáo tổng kết đề tài nghiên cứu Khoa học của sinh viên. Thuộc nhóm ngành khoa học: Khoa học Kỹ thuật và Công nghệ 1 (KT1)

Đề tài khảo sát các yếu tố ảnh hưởng của bã mía đến quá trình sản xuất vật liệu composite, ảnh hưởng của máy trộn và máy ép nóng đến quá trình sản xuất vật liệu composite.

Spremljeno u:
Bibliografski detalji
Glavni autor: Võ, Vĩnh Trà
Format: Knjiga
Jezik:Undetermined
Izdano: Cần Thơ Trường Đại học Cần Thơ 2014
Teme:
Oznake: Dodaj oznaku
Bez oznaka, Budi prvi tko označuje ovaj zapis!
Thư viện lưu trữ: Trung tâm Học liệu Trường Đại học Cần Thơ
LEADER 01186nam a2200217Ia 4500
001 CTU_198146
008 210402s9999 xx 000 0 und d
082 |a 620.118 
082 |b Tr100 
088 |a TSV2014-11 
100 |a Võ, Vĩnh Trà 
245 0 |a Nghiên cứu ứng dụng bã mía vào chế tạo vật liệu Biocomposite : 
245 0 |b Báo cáo tổng kết đề tài nghiên cứu Khoa học của sinh viên. Thuộc nhóm ngành khoa học: Khoa học Kỹ thuật và Công nghệ 1 (KT1) 
245 0 |c Võ Vĩnh Trà ; Phương Thanh Vũ (Người hướng dẫn) 
260 |a Cần Thơ 
260 |b Trường Đại học Cần Thơ 
260 |c 2014 
520 |a Đề tài khảo sát các yếu tố ảnh hưởng của bã mía đến quá trình sản xuất vật liệu composite, ảnh hưởng của máy trộn và máy ép nóng đến quá trình sản xuất vật liệu composite. 
650 |a Composite materials,Vật liệu tổng hợp 
904 |i Hải 
980 |a Trung tâm Học liệu Trường Đại học Cần Thơ